[Event "1st New York Masters International"]
[Site "New York"]
[Date "2003.02.03"]
[Round "1"]
[White "Schneider, Igor"]
[Black "Matthew, Ervin"]
[Result "1-0"]
[WhiteElo "2237"]
[BlackElo "2145"]
[PlyCount "75"]
[EventDate "2003.??.??"]
[SourceDate "2003.01.27"]

1. e4 e5 2. Nf3 Nc6 3. d4 exd4 4. Bc4 Nf6 5. e5 d5 6. Bb5 Ne4 7. Nxd4 Bd7 8.
Bxc6 bxc6 9. O-O Bc5 10. f3 Ng5 11. f4 Ne6 12. Be3 Qb8 13. Qd2 Qxb2 14. Nb3
Bxe3+ 15. Qxe3 c5 16. Rf2 d4 17. Qf3 Rb8 18. c3 dxc3 19. Nxc3 Qa3 20. Rd1 Ba4
21. f5 Nd4 22. Nxd4 Bxd1 23. Qc6+ Kf8 24. Qxc7 Re8 25. Ne6+ Kg8 26. Qd7 Rb8 27.
Nd8 h6 28. Qxf7+ Kh7 29. Ne6 Rhg8 30. Qg6+ Kh8 31. f6 Rb7 32. Nxd1 Qc1 33. Rf1
gxf6 34. Qxf6+ Kh7 35. Nf8+ Rxf8 36. Qxf8 Qd2 37. Qf5+ Kh8 38. Qc8+ 1-0

[Event "1st New York Masters International"]
[Site "New York"]
[Date "2003.02.03"]
[Round "1"]
[White "Aravena, Peter"]
[Black "Benen, Samson"]
[Result "1-0"]
[WhiteElo "2235"]
[BlackElo "2251"]
[PlyCount "55"]
[EventDate "2003.??.??"]
[SourceDate "2003.01.27"]

1. d4 c5 2. d5 e6 3. e4 exd5 4. exd5 d6 5. Nf3 Nf6 6. Nc3 Be7 7. Bb5+ Nbd7 8.
a4 O-O 9. O-O a6 10. Be2 b6 11. Bf4 Re8 12. Nd2 Rb8 13. Nc4 Nf8 14. Re1 Ng6 15.
Bg3 b5 16. axb5 axb5 17. Na5 Bd7 18. Nc6 Bxc6 19. dxc6 b4 20. Nd5 Nxd5 21. Qxd5
Bf8 22. Bg4 Rxe1+ 23. Rxe1 Rb6 24. h4 Qa8 25. Bd7 Ne7 26. Qxd6 Nxc6 27. Qc7 Qd8
28. Re8 1-0

[Event "1st New York Masters International"]
[Site "New York"]
[Date "2003.02.03"]
[Round "1"]
[White "Johnson, Ben"]
[Black "Sena, Juan"]
[Result "1-0"]
[WhiteElo "2178"]
[BlackElo "2142"]
[PlyCount "59"]
[EventDate "2003.??.??"]
[SourceDate "2003.01.27"]

1. e4 e6 2. d4 d5 3. Nd2 c5 4. exd5 exd5 5. Bb5+ Nc6 6. Ngf3 Bd6 7. O-O Nge7 8.
dxc5 Bxc5 9. Nb3 Bd6 10. c3 O-O 11. Nbd4 Bg4 12. Be2 Re8 13. Bg5 h6 14. Be3 Nf5
15. Nxf5 Bxf5 16. Qd2 Be4 17. Rad1 Qf6 18. Ne1 Rad8 19. Bf3 Ne5 20. Bxe4 dxe4
21. Qe2 Qe6 22. Bf4 Qxa2 23. Qb5 Qe6 24. Qxb7 Qg4 25. Rxd6 Rxd6 26. Bxe5 Rd1
27. Qb5 Re6 28. Bd4 Rg6 29. g3 h5 30. Nc2 1-0

[Event "1st New York Masters International"]
[Site "New York"]
[Date "2003.02.03"]
[Round "1"]
[White "Bierkens, Pieter"]
[Black "Lewis, James E"]
[Result "1-0"]
[WhiteElo "2250"]
[BlackElo "2246"]
[PlyCount "79"]
[EventDate "2003.??.??"]
[SourceDate "2003.01.27"]

1. e4 c5 2. Nc3 Nc6 3. g3 g6 4. Bg2 Bg7 5. d3 e6 6. Be3 Qa5 7. Nge2 Nge7 8. O-O
O-O 9. Qd2 f5 10. f4 Bd4 11. Rad1 d6 12. Bf2 e5 13. fxe5 dxe5 14. Qg5 Be6 15.
Nd5 Qd8 16. c4 Rb8 17. Bxd4 cxd4 18. a3 a5 19. b4 axb4 20. axb4 Bxd5 21. exd5
Nxb4 22. Rfe1 Rf7 23. Qd2 Qd6 24. Rb1 Na6 25. Qa5 Nc5 26. Rb6 Qc7 27. d6 Qc8
28. dxe7 Rxe7 29. Nxd4 Ra8 30. Qb4 Re8 31. Nc6 Nxd3 32. Ne7+ Rxe7 33. Qxe7 Qxc4
34. Qd6 e4 35. Reb1 Kg7 36. Rxb7+ Kh6 37. Rc7 Qa2 38. Rf1 Qe2 39. Qf6 Qh5 40.
h4 1-0

[Event "1st New York Masters International"]
[Site "New York"]
[Date "2003.02.03"]
[Round "1"]
[White "Fernandez, John C"]
[Black "Chernin, Oliver"]
[Result "1/2-1/2"]
[WhiteElo "2138"]
[BlackElo "2207"]
[PlyCount "49"]
[EventDate "2003.??.??"]
[SourceDate "2003.01.27"]

1. e4 e6 2. d4 d5 3. Nd2 Nf6 4. e5 Nfd7 5. Bd3 c5 6. c3 Nc6 7. Ne2 Qb6 8. Nf3
cxd4 9. cxd4 f6 10. exf6 Nxf6 11. O-O Bd6 12. b3 O-O 13. Bb2 Bd7 14. Rc1 Be8
15. Ne5 Bh5 16. Qd2 Bxe2 17. Qxe2 Nxd4 18. Bxd4 Qxd4 19. Nf3 Qb6 20. Qxe6+ Kh8
21. Ng5 Bf4 22. Nf7+ Kg8 23. Nh6+ Kh8 24. Nf7+ Kg8 25. Nh6+ 1/2-1/2

[Event "1st New York Masters International"]
[Site "New York"]
[Date "2003.02.10"]
[Round "2"]
[White "Matthew, Ervin"]
[Black "Chernin, Oliver"]
[Result "1/2-1/2"]
[WhiteElo "2145"]
[BlackElo "2207"]
[PlyCount "90"]
[EventDate "2003.??.??"]
[SourceDate "2003.01.27"]

1. Nf3 Nf6 2. c4 g6 3. d4 c5 4. Nc3 Bg7 5. e4 cxd4 6. Nxd4 d6 7. Be2 O-O 8. Be3
Nc6 9. f3 Bd7 10. Qd2 Rc8 11. O-O a6 12. Rac1 Ne5 13. b3 Re8 14. Rfd1 Qa5 15.
Bg5 Nc6 16. Be3 Ne5 17. Nd5 Qxd2 18. Nxf6+ Bxf6 19. Rxd2 Nc6 20. Nxc6 Bxc6 21.
g4 g5 22. c5 dxc5 23. Rxc5 h6 24. h4 e5 25. Rc1 Kg7 26. Rdc2 Bd7 27. Rc7 Rxc7
28. Rxc7 Bc6 29. Bc4 Re7 30. Rxe7 Bxe7 31. h5 Bb4 32. Kf2 b5 33. Bd5 Bd7 34.
Ke2 Kf8 35. Kd1 Ke7 36. Kc2 f6 37. Bb6 a5 38. a3 Bxa3 39. Bxa5 Bc5 40. Kc3 Be8
41. Kd3 Bd7 42. Bg8 Bc6 43. Bh7 Bd7 44. Bf5 Be8 45. Bc8 Bc6 1/2-1/2

[Event "1st New York Masters International"]
[Site "New York"]
[Date "2003.02.10"]
[Round "2"]
[White "Lewis, James E"]
[Black "Fernandez, John C"]
[Result "1-0"]
[WhiteElo "2246"]
[BlackElo "2138"]
[PlyCount "63"]
[EventDate "2003.??.??"]
[SourceDate "2003.01.27"]

1. e4 c5 2. Nf3 d6 3. d4 cxd4 4. Nxd4 Nf6 5. Nc3 Nc6 6. Be2 e5 7. Nf3 h6 8. Bc4
Be7 9. Be3 a6 10. h3 Be6 11. Bb3 O-O 12. Qd2 Rc8 13. Rd1 b5 14. O-O b4 15. Nd5
Nxe4 16. Qe2 Nf6 17. Qxa6 Bxd5 18. Bxd5 Qa5 19. Bc4 e4 20. Nd4 Qxa6 21. Bxa6
Nxd4 22. Bxc8 Nxc2 23. Bb7 Nxe3 24. fxe3 b3 25. a4 Rb8 26. Bc6 Rb6 27. Rc1 d5
28. Rfd1 Rb4 29. a5 Bd8 30. Ra1 Rc4 31. Bxd5 Rc5 32. Bxf7+ 1-0

[Event "1st New York Masters International"]
[Site "New York"]
[Date "2003.02.10"]
[Round "2"]
[White "Sena, Juan"]
[Black "Bierkens, Pieter"]
[Result "0-1"]
[WhiteElo "2142"]
[BlackElo "2250"]
[PlyCount "94"]
[EventDate "2003.??.??"]
[SourceDate "2003.01.27"]

1. e4 c5 2. Nf3 e6 3. d4 cxd4 4. Nxd4 a6 5. Bd3 Bc5 6. Nb3 Be7 7. a4 b6 8. Be3
d6 9. O-O Nd7 10. c4 Bb7 11. a5 Ngf6 12. axb6 Nc5 13. e5 Nfd7 14. exd6 Bxd6 15.
Na5 Qxb6 16. Nxb7 Qxb7 17. Be2 Qc7 18. h3 Be5 19. Qc2 O-O 20. Nc3 Rab8 21. Rfb1
Rb4 22. Bd2 Rb3 23. Ra3 Rfb8 24. Rxb3 Nxb3 25. Be3 Bd4 26. Qd3 Ndc5 27. Qd1
Bxe3 28. fxe3 Rd8 29. Qe1 Qe5 30. Qf2 g6 31. Rd1 Rxd1+ 32. Bxd1 Nd3 33. Qe2
Nbc5 34. Qd2 Qg3 35. b4 Nxb4 36. Qd8+ Kg7 37. Qd4+ e5 38. Qxc5 Qe1+ 39. Kh2
Qxc3 40. Bf3 Nc2 41. Qe7 Qxe3 42. c5 Nd4 43. Bd5 Qf4+ 44. Kh1 Ne2 45. h4 h5 46.
g3 Qf1+ 47. Kh2 Qg1+ 0-1

[Event "1st New York Masters International"]
[Site "New York"]
[Date "2003.02.10"]
[Round "2"]
[White "Benen, Samson"]
[Black "Johnson, Ben"]
[Result "1-0"]
[WhiteElo "2251"]
[BlackElo "2178"]
[PlyCount "111"]
[EventDate "2003.??.??"]
[SourceDate "2003.01.27"]

1. c4 e6 2. Nf3 Nf6 3. g3 d5 4. d4 dxc4 5. Bg2 c6 6. O-O Nbd7 7. a4 Qa5 8. Nbd2
c3 9. Nc4 cxb2 10. Bxb2 Qa6 11. Qc2 Be7 12. Rfb1 O-O 13. a5 c5 14. e3 Nd5 15.
dxc5 Nxc5 16. Nb6 Bd7 17. Bf1 axb6 18. Bxa6 Rxa6 19. axb6 Rxb6 20. Ne5 Be8 21.
Bd4 Rxb1+ 22. Rxb1 b6 23. Nc4 b5 24. Na3 Nd7 25. Nxb5 N7f6 26. Bc5 Bxc5 27.
Qxc5 Nd7 28. Qa3 Ne5 29. Nc3 Nf6 30. Rb8 Nf3+ 31. Kg2 Ne5 32. e4 Ng6 33. f3 Nd7
34. Rd8 Nde5 35. Qc5 f6 36. f4 Nf7 37. Rc8 Bd7 38. Rxf8+ Nxf8 39. Qc7 Nh6 40.
h3 Nf7 41. g4 Nh8 42. f5 Nf7 43. fxe6 Bxe6 44. Nd5 Ne5 45. g5 Ned7 46. Nf4 Bf7
47. h4 Ne5 48. Qe7 Ned7 49. Qd8 fxg5 50. hxg5 Nc5 51. Kf3 Nce6 52. Nxe6 Bxe6
53. Kf4 Bf7 54. Ke5 Ba2 55. Kd6 Bb3 56. Ke7 1-0

[Event "1st New York Masters International"]
[Site "New York"]
[Date "2003.02.10"]
[Round "2"]
[White "Schneider, Igor"]
[Black "Aravena, Peter"]
[Result "1-0"]
[WhiteElo "2237"]
[BlackElo "2235"]
[PlyCount "139"]
[EventDate "2003.??.??"]
[SourceDate "2003.01.27"]

1. e4 c6 2. d4 d5 3. exd5 cxd5 4. c4 Nf6 5. Nc3 g6 6. Nf3 Bg7 7. cxd5 Nxd5 8.
Bc4 Nb6 9. Bb3 O-O 10. d5 N8d7 11. Be3 Ne5 12. Nxe5 Bxe5 13. O-O Bf5 14. Re1
Bf6 15. Bd4 Bxd4 16. Qxd4 a6 17. Rad1 Qd6 18. Re3 h5 19. h3 Nc8 20. g4 hxg4 21.
hxg4 Bd7 22. Rf3 a5 23. Ne4 Qb4 24. Qxb4 axb4 25. Rg3 Ba4 26. Rd4 Nb6 27. d6
exd6 28. Rxd6 Bxb3 29. axb3 Nc8 30. Rd7 b6 31. g5 Ra7 32. Rd4 Ne7 33. Rxb4 Ra1+
34. Kh2 Nd5 35. Rd4 f5 36. Nc3 Nxc3 37. bxc3 Kg7 38. Rd6 Ra7 39. Rxb6 Rc8 40.
c4 f4 41. Rh3 Rac7 42. Rh6 Rc6 43. Rxc6 Rxc6 44. Rh3 Rc5 45. Rf3 Rf5 46. Kh3
Rxg5 47. Rxf4 Ra5 48. Rf3 g5 49. Kg4 Kg6 50. Rd3 Ra3 51. Rd6+ Kf7 52. Rb6 Ra2
53. Kg3 Ke7 54. b4 Kd7 55. c5 Kc7 56. f3 Ra3 57. Kg4 Rb3 58. b5 Rc3 59. Rc6+
Kb7 60. Rf6 Rxc5 61. Rf5 Rc1 62. Kxg5 Kc7 63. Rd5 Rg1+ 64. Kf5 Rh1 65. f4 Rf1
66. Kg5 Rg1+ 67. Kf6 Kb6 68. f5 Rf1 69. Ke6 Rf2 70. f6 1-0

[Event "1st New York Masters International"]
[Site "New York"]
[Date "2003.02.24"]
[Round "3"]
[White "Aravena, Peter"]
[Black "Matthew, Ervin"]
[Result "1-0"]
[WhiteElo "2235"]
[BlackElo "2145"]
[PlyCount "93"]
[EventDate "2003.??.??"]
[SourceDate "2003.01.27"]

1. d4 Nf6 2. c4 c5 3. d5 b5 4. cxb5 a6 5. b6 d6 6. Nc3 Nbd7 7. e4 g6 8. Nf3 Bg7
9. Be2 O-O 10. a4 Qxb6 11. a5 Qb7 12. Nd2 Ne8 13. O-O Nc7 14. Ra3 Nf6 15. Rb3
Qa7 16. Nc4 Nb5 17. e5 Ne8 18. Nxb5 axb5 19. Rxb5 Ba6 20. Rb3 Bxc4 21. Bxc4
Bxe5 22. a6 Rb8 23. Rxb8 Qxb8 24. Qa4 Qa7 25. Be3 Nf6 26. h3 Nd7 27. b4 Nb6 28.
Qb3 Rb8 29. bxc5 dxc5 30. Bxc5 Nxc4 31. Qxc4 Qc7 32. a7 Ra8 33. Rc1 Qb7 34. Be3
Rd8 35. Qc6 Qa8 36. Bb6 Re8 37. Qd7 Kg7 38. Re1 Bd6 39. Bd4+ Kf8 40. Rc1 Qxd5
41. Bg7+ Kxg7 42. Qxe8 Qd2 43. Rf1 Qe2 44. a8=Q Bh2+ 45. Kxh2 Qxf1 46. Qh8+ Kh6
47. Qaf8+ 1-0

[Event "1st New York Masters International"]
[Site "New York"]
[Date "2003.02.24"]
[Round "3"]
[White "Johnson, Ben"]
[Black "Schneider, Igor"]
[Result "0-1"]
[WhiteElo "2178"]
[BlackElo "2237"]
[PlyCount "77"]
[EventDate "2003.??.??"]
[SourceDate "2003.01.27"]

1. e4 e5 2. Nf3 Nc6 3. d4 exd4 4. Nxd4 Bc5 5. Nb3 Bb6 6. Qe2 Nge7 7. Nc3 O-O 8.
Be3 d6 9. O-O-O Be6 10. Kb1 Ne5 11. Nd5 c6 12. Nxe7+ Qxe7 13. Qd2 Bxb3 14. axb3
Bxe3 15. Qxe3 c5 16. Rd2 Rab8 17. Bc4 b5 18. Bd5 a5 19. Rhd1 Rb6 20. f4 Nd7 21.
g4 b4 22. g5 Kh8 23. h4 Rfb8 24. Qh3 Nf8 25. h5 Ne6 26. Bxe6 fxe6 27. h6 g6 28.
Qg3 Rg8 29. Rg2 Rf8 30. Rf2 Qd7 31. c4 a4 32. Rd3 Ra6 33. Rfd2 Rfa8 34. bxa4
Qxa4 35. f5 Qa2+ 36. Kc1 Qxc4+ 37. Rc2 Qxe4 38. fxe6 c4 39. Qf2 0-1

[Event "1st New York Masters International"]
[Site "New York"]
[Date "2003.03.05"]
[Round "3"]
[White "Bierkens, Pieter"]
[Black "Benen, Samson"]
[Result "0-1"]
[WhiteElo "2250"]
[BlackElo "2251"]
[PlyCount "122"]
[EventDate "2003.??.??"]
[SourceDate "2003.01.27"]

1. e4 e5 2. Nf3 Nc6 3. Bb5 a6 4. Ba4 d6 5. c4 Nge7 6. Nc3 Bd7 7. O-O Ng6 8. d4
Be7 9. Nd5 h6 10. Nxe7 Qxe7 11. Be3 O-O 12. dxe5 dxe5 13. b4 Rfd8 14. Bc5 Qe6
15. Qc2 Nf4 16. Bxc6 Bxc6 17. Ne1 Nd3 18. f3 Nxc5 19. bxc5 Qd7 20. Qf2 Qd4 21.
Rc1 Qxf2+ 22. Rxf2 Rd4 23. Rfc2 Rad8 24. Kf2 Ba4 25. Re2 Bd1 26. Rb2 Rd2+ 27.
Rxd2 Rxd2+ 28. Ke3 Re2+ 29. Kd3 Rxe1 30. Kd2 Re2+ 31. Kd3 Rxg2 32. Rxd1 Rxa2
33. Rb1 Ra3+ 34. Ke2 Ra5 35. Rxb7 Rxc5 36. Kd3 Kf8 37. Ra7 Rc6 38. Kc3 Ke7 39.
Ra8 Rf6 40. c5 Rxf3+ 41. Kc4 Rf6 42. Kd5 Re6 43. c6 Rd6+ 44. Kc5 Rd8 45. Ra7
Rc8 46. Kd5 Kf6 47. Rxa6 Rd8+ 48. Kc5 Ke6 49. Ra7 Rc8 50. Ra3 h5 51. h4 g6 52.
Rd3 Re8 53. Rd7 Re7 54. Rd8 f5 55. exf5+ Kxf5 56. Rd5 Kf6 57. Rd8 e4 58. Kd4 e3
59. Rf8+ Kg7 60. Rf1 e2 61. Re1 Kf6 0-1

[Event "1st New York Masters International"]
[Site "New York"]
[Date "2003.02.24"]
[Round "3"]
[White "Fernandez, John C"]
[Black "Sena, Juan"]
[Result "0-1"]
[WhiteElo "2138"]
[BlackElo "2142"]
[PlyCount "108"]
[EventDate "2003.??.??"]
[SourceDate "2003.01.27"]

1. e4 e6 2. d4 d5 3. Nd2 Nf6 4. e5 Nfd7 5. Bd3 c5 6. c3 Nc6 7. Ne2 cxd4 8. cxd4
f6 9. exf6 Nxf6 10. Nf3 Bd6 11. O-O Qc7 12. Bg5 O-O 13. Bh4 h6 14. Bg3 Nh5 15.
Bxd6 Qxd6 16. Re1 Nf4 17. Nxf4 Qxf4 18. Bb5 Ne7 19. Qc1 a6 20. Qxf4 Rxf4 21.
Be2 Nc6 22. g3 Re4 23. Bd3 Rg4 24. Rad1 Kf8 25. Bb1 Bd7 26. h3 Rg5 27. Nxg5
hxg5 28. f4 gxf4 29. Rf1 Ke7 30. Rxf4 g5 31. Rg4 Rg8 32. Rf1 e5 33. Bf5 Nxd4
34. Bxd7 Kxd7 35. h4 e4 36. Rf7+ Ke6 37. Rxb7 Nf3+ 38. Kf2 Kf5 39. Rxg5+ Nxg5
40. hxg5 d4 41. Rb6 Rc8 42. g6 Rc2+ 43. Kf1 Rc7 44. Rxa6 e3 45. Ke2 Rc2+ 46.
Kd3 Rd2+ 47. Kc4 e2 48. g7 e1=Q 49. g4+ Ke5 50. Ra5+ Ke4 51. g8=Q Qc1+ 52. Kb3
Rxb2+ 53. Ka4 Qc6+ 54. Ka3 Qc3+ 0-1

[Event "1st New York Masters International"]
[Site "New York"]
[Date "2003.02.24"]
[Round "3"]
[White "Chernin, Oliver"]
[Black "Lewis, James E"]
[Result "0-1"]
[WhiteElo "2207"]
[BlackElo "2246"]
[PlyCount "96"]
[EventDate "2003.??.??"]
[SourceDate "2003.01.27"]

1. c4 e5 2. Nc3 Nc6 3. Nf3 Bb4 4. e3 Bxc3 5. bxc3 Nf6 6. d4 d6 7. Be2 O-O 8.
O-O Bf5 9. Qb3 Qc8 10. Ba3 Re8 11. c5 dxc5 12. Bxc5 Ne4 13. Ba3 exd4 14. cxd4
Bg4 15. Rfd1 Na5 16. Qc2 Qf5 17. Rac1 Nc6 18. Rf1 Rad8 19. Nh4 Qg5 20. Bxg4
Qxg4 21. Nf3 Rd5 22. h3 Qe6 23. Rb1 Na5 24. Qxc7 Rf5 25. Ne5 Nd2 26. Qxa5 Nxf1
27. Rxf1 f6 28. e4 Rh5 29. Qxa7 fxe5 30. d5 Qg6 31. Qe3 Rh4 32. Re1 Rf4 33. Qd3
Qb6 34. Re2 h6 35. Bc1 Rf7 36. Be3 Qb4 37. a3 Qa5 38. Rb2 Rc8 39. Rb4 Ra8 40.
Rb3 Kh7 41. Qb1 Qc7 42. Qb2 Ra4 43. f3 Rc4 44. Rb6 Rc2 45. d6 Qc4 46. Qb5 Qa2
47. Qxe5 Rxg2+ 48. Kh1 Rxf3 0-1

[Event "1st New York Masters International"]
[Site "New York"]
[Date "2003.03.03"]
[Round "4"]
[White "Matthew, Ervin"]
[Black "Lewis, James E"]
[Result "0-1"]
[WhiteElo "2145"]
[BlackElo "2246"]
[PlyCount "149"]
[EventDate "2003.??.??"]
[SourceDate "2003.01.27"]

1. Nf3 c5 2. c4 Nc6 3. d4 cxd4 4. Nxd4 g6 5. e4 Bg7 6. Be3 Nf6 7. Nc3 O-O 8.
Be2 d6 9. f3 Bd7 10. Qd2 Rc8 11. O-O a6 12. Rac1 Re8 13. Rfd1 Ne5 14. b3 h5 15.
Nd5 e6 16. Nxf6+ Bxf6 17. Nc2 Be7 18. f4 Ng4 19. Bxg4 hxg4 20. e5 d5 21. cxd5
exd5 22. Qxd5 Bf5 23. Qxb7 Qa5 24. Nd4 Rxc1 25. Rxc1 Ba3 26. Rf1 Bd3 27. Rd1
Qc3 28. Qc6 Qxc6 29. Nxc6 Be4 30. Na5 Bc2 31. Rd2 Bc1 32. Re2 Bd3 33. Re1 Ba3
34. Rd1 Bc2 35. Rd7 Bf5 36. Ra7 Rd8 37. Nc4 Rd1+ 38. Kf2 Bb4 39. Ke2 Re1+ 40.
Kf2 Bd3 41. Bb6 Re2+ 42. Kg3 Be1+ 43. Kxg4 Rxg2+ 44. Kf3 Rxh2 45. Nd6 Rh3+ 46.
Kg2 Rg3+ 47. Kh2 Rg4 48. Ra8+ Kh7 49. Bd8 Rxf4 50. Bf6 Rf2+ 51. Kh3 Bf1+ 52.
Kg4 Rg2+ 53. Kf3 Rg3+ 54. Kf4 g5+ 55. Bxg5 Bg2 56. Rf8 Rf3+ 57. Kg4 Kg7 58. Be7
Rg3+ 59. Kf4 Rf3+ 60. Ke4 Rxb3+ 61. Kd4 Bf2+ 62. Kc4 Rf3 63. Ne8+ Kg6 64. Rg8+
Kf5 65. Rxg2 Kxe5 66. Rg5+ Ke6 67. Bb4 Rf4+ 68. Kb3 Be3 69. Rg2 Kd7 70. Re2 Rf3
71. Bc3 Bd4 72. Nf6+ Bxf6 73. Rc2 Rxc3+ 74. Rxc3 Bxc3 75. Kxc3 0-1

[Event "1st New York Masters International"]
[Site "New York"]
[Date "2003.03.03"]
[Round "4"]
[White "Sena, Juan"]
[Black "Chernin, Oliver"]
[Result "1-0"]
[WhiteElo "2142"]
[BlackElo "2207"]
[PlyCount "121"]
[EventDate "2003.??.??"]
[SourceDate "2003.01.27"]

1. e4 c5 2. Nf3 d6 3. d4 cxd4 4. Nxd4 Nf6 5. Nc3 g6 6. Be3 Bg7 7. f3 O-O 8. Qd2
Nc6 9. O-O-O Bd7 10. Bc4 Qa5 11. Kb1 Rfc8 12. Bb3 Ne5 13. Bg5 Nc4 14. Bxc4 Rxc4
15. Nb3 Qe5 16. Bf4 Qh5 17. h3 h6 18. g4 Qh4 19. Rdg1 Rxc3 20. bxc3 Rc8 21. e5
dxe5 22. Bxe5 Bc6 23. Bg3 Qg5 24. Qxg5 hxg5 25. Nd4 Nd5 26. Kb2 Bd7 27. Re1
Nxc3 28. Rxe7 Bxd4 29. Rxd7 Ne2+ 30. Rxd4 Nxd4 31. c3 Nxf3 32. Rd1 a5 33. Rd3
Ng1 34. Bh2 Ne2 35. Re3 Nf4 36. Kb3 b5 37. Re5 a4+ 38. Kb4 Rc4+ 39. Kxb5 Rxc3
40. Rxg5 Ne6 41. Rd5 Rc2 42. Be5 Rxa2 43. Kb4 Rf2 44. Kxa4 f6 45. Bc3 Rf3 46.
Kb4 Nf4 47. Rd8+ Kf7 48. h4 Ke7 49. Rd1 Ng2 50. h5 g5 51. Ra1 Rf4+ 52. Kc5 Rxg4
53. Ra7+ Ke8 54. h6 Nf4 55. h7 Ng6 56. Bxf6 Rh4 57. h8=Q+ Nxh8 58. Bxh8 g4 59.
Be5 Rh5 60. Kd5 g3 61. Ke6 1-0

[Event "1st New York Masters International"]
[Site "New York"]
[Date "2003.03.03"]
[Round "4"]
[White "Benen, Samson"]
[Black "Fernandez, John C"]
[Result "1/2-1/2"]
[WhiteElo "2251"]
[BlackElo "2138"]
[PlyCount "69"]
[EventDate "2003.??.??"]
[SourceDate "2003.01.27"]

1. d4 Nf6 2. c4 e6 3. Nc3 Bb4 4. e3 b6 5. Qf3 d5 6. Bd3 Bb7 7. Nge2 O-O 8. O-O
Nbd7 9. cxd5 exd5 10. a3 Bxc3 11. bxc3 Ne4 12. Qh3 Ndf6 13. f3 Nd6 14. g4 g6
15. Ng3 Qe7 16. Ra2 Rae8 17. Re2 Bc8 18. Qg2 Nd7 19. e4 dxe4 20. fxe4 f6 21.
Bh6 Rf7 22. h4 Bb7 23. Rfe1 c5 24. Qh2 c4 25. Bc2 Nb5 26. Nf5 Qxa3 27. Bc1 Qxc3
28. Nh6+ Kg7 29. Nxf7 Kxf7 30. Ba4 Qxd4+ 31. Be3 Qe5 32. Qxe5 Rxe5 33. Bf4 Rc5
34. Be3 Re5 35. Bf4 1/2-1/2

[Event "1st New York Masters International"]
[Site "New York"]
[Date "2003.03.03"]
[Round "4"]
[White "Schneider, Igor"]
[Black "Bierkens, Pieter"]
[Result "0-1"]
[WhiteElo "2237"]
[BlackElo "2250"]
[PlyCount "58"]
[EventDate "2003.??.??"]
[SourceDate "2003.01.27"]

1. e4 c5 2. Nf3 e6 3. Nc3 a6 4. d4 cxd4 5. Nxd4 b5 6. Bd3 Qb6 7. Nb3 Qc7 8. O-O
Nf6 9. f4 d6 10. Qe2 Bb7 11. Bd2 Be7 12. Rae1 Nc6 13. Kh1 O-O 14. e5 Nd7 15.
exd6 Bxd6 16. Ne4 Be7 17. Qh5 g6 18. Qh6 f5 19. Ng5 Bxg5 20. Qxg5 Rae8 21. Re3
e5 22. fxe5 Ncxe5 23. Rxf5 Nxd3 24. cxd3 Rxf5 25. Rxe8+ Nf8 26. Qxf5 gxf5 27.
Bh6 Bxg2+ 28. Kg1 Qb6+ 29. Be3 Qg6 0-1

[Event "1st New York Masters International"]
[Site "New York"]
[Date "2003.03.03"]
[Round "4"]
[White "Aravena, Peter"]
[Black "Johnson, Ben"]
[Result "1/2-1/2"]
[WhiteElo "2235"]
[BlackElo "2178"]
[PlyCount "37"]
[EventDate "2003.??.??"]
[SourceDate "2003.01.27"]

1. d4 d5 2. c4 dxc4 3. Nf3 Nf6 4. e3 e6 5. Bxc4 a6 6. Qe2 c5 7. dxc5 Bxc5 8. e4
b5 9. Bd3 Nbd7 10. e5 Nd5 11. O-O Be7 12. Nc3 Nxc3 13. bxc3 Bb7 14. Bf4 Rc8 15.
a4 bxa4 16. Bxa6 Bxa6 17. Qxa6 a3 18. Rfe1 Ra8 19. Qc6 1/2-1/2

[Event "1st New York Masters International"]
[Site "New York"]
[Date "2003.03.10"]
[Round "5"]
[White "Johnson, Ben"]
[Black "Matthew, Ervin"]
[Result "0-1"]
[WhiteElo "2178"]
[BlackElo "2145"]
[PlyCount "94"]
[EventDate "2003.??.??"]
[SourceDate "2003.01.27"]

1. e4 e5 2. Nf3 Nc6 3. Bb5 a6 4. Ba4 d6 5. c3 Bd7 6. d4 Nge7 7. Be3 h6 8. Nbd2
g5 9. d5 Nb8 10. Bxd7+ Nxd7 11. h4 g4 12. Nh2 h5 13. Nhf1 f5 14. exf5 Nxd5 15.
Ne4 N7f6 16. Qb3 Nxe3 17. Nxf6+ Qxf6 18. Nxe3 O-O-O 19. g3 Kb8 20. Qc4 Bh6 21.
Qxc7+ Kxc7 22. Nd5+ Kc6 23. Nxf6 d5 24. Nxh5 Rd6 25. f6 Bf8 26. f3 Rxh5 27.
fxg4 Rh8 28. g5 Kd7 29. O-O Ke6 30. g6 Rd7 31. g7 Bxg7 32. fxg7 Rxg7 33. Kh2
Rhg8 34. Rg1 d4 35. cxd4 exd4 36. Rad1 Kd5 37. Rd3 Re7 38. Rgd1 Re4 39. Kh3 Ke5
40. Rg1 Re3 41. Rxe3+ dxe3 42. h5 Ke4 43. g4 e2 44. Kh4 Kf3 45. g5 Rd8 46. Re1
Rd1 47. Rxe2 Rh1+ 0-1

[Event "1st New York Masters International"]
[Site "New York"]
[Date "2003.03.10"]
[Round "5"]
[White "Bierkens, Pieter"]
[Black "Aravena, Peter"]
[Result "0-1"]
[WhiteElo "2250"]
[BlackElo "2235"]
[PlyCount "88"]
[EventDate "2003.??.??"]
[SourceDate "2003.01.27"]

1. e4 e6 2. d3 d5 3. Nd2 c5 4. Ngf3 Nc6 5. g3 g6 6. Bg2 Bg7 7. O-O Nge7 8. Re1
b6 9. c3 h6 10. h4 d4 11. cxd4 cxd4 12. e5 O-O 13. Ne4 Nd5 14. Ned2 Ncb4 15.
Nc4 b5 16. Nd6 Qb6 17. a3 Nc6 18. Nxc8 Raxc8 19. h5 g5 20. Nxg5 hxg5 21. Bxg5
Nxe5 22. h6 Bh8 23. f4 Ng6 24. h7+ Kxh7 25. Qh5+ Kg8 26. f5 Ne5 27. Bh6 Rfd8
28. Be4 exf5 29. Bxf5 Rc6 30. Bg5 Nf6 31. Bxf6 Bxf6 32. Re4 Bg7 33. Rf1 Rh6 34.
Qg5 Kf8 35. Bg4 Rg6 36. Qf5 Rf6 37. Qh5 Rxf1+ 38. Kxf1 Qg6 39. Qh3 Nxg4 40.
Rxg4 Qxd3+ 41. Kg2 Re8 42. Qh5 Qe2+ 43. Kh3 Qf1+ 44. Kh4 Qh1+ 0-1

[Event "1st New York Masters International"]
[Site "New York"]
[Date "2003.03.10"]
[Round "5"]
[White "Fernandez, John C"]
[Black "Schneider, Igor"]
[Result "1/2-1/2"]
[WhiteElo "2138"]
[BlackElo "2237"]
[PlyCount "44"]
[EventDate "2003.??.??"]
[SourceDate "2003.01.27"]

1. e4 d5 2. exd5 Nf6 3. c4 e6 4. d4 exd5 5. Nc3 Be7 6. Bd3 O-O 7. Nge2 dxc4 8.
Bxc4 c6 9. O-O Nbd7 10. Qd3 b5 11. Bb3 Nc5 12. Qf3 Nxb3 13. axb3 Qb6 14. d5
Nxd5 15. Nxd5 cxd5 16. Nf4 Bb7 17. Nxd5 Bxd5 18. Qxd5 Rad8 19. Qf3 Bc5 20. Bg5
f6 21. Bf4 h6 22. b4 Bd4 1/2-1/2

[Event "1st New York Masters International"]
[Site "New York"]
[Date "2003.03.10"]
[Round "5"]
[White "Chernin, Oliver"]
[Black "Benen, Samson"]
[Result "1/2-1/2"]
[WhiteElo "2207"]
[BlackElo "2251"]
[PlyCount "84"]
[EventDate "2003.??.??"]
[SourceDate "2003.01.27"]

1. c4 b6 2. Nc3 Bb7 3. e4 e5 4. Nf3 Nc6 5. d4 exd4 6. Nxd4 Bb4 7. Be2 Nf6 8. f3
O-O 9. Be3 Bxc3+ 10. bxc3 Re8 11. O-O d6 12. Bg5 h6 13. Bh4 Ne5 14. Nf5 Ng6 15.
Bf2 Bc8 16. Ne3 Nf4 17. Re1 Ba6 18. Bf1 Nd7 19. Nd5 Nxd5 20. cxd5 Bxf1 21. Rxf1
Ne5 22. Bd4 Qd7 23. Qe1 c5 24. dxc6 Nxc6 25. Qd2 Rac8 26. Rac1 Qe6 27. Rfd1 Na5
28. Bf2 Rc6 29. Qd5 Qxd5 30. Rxd5 Nc4 31. Rd3 f6 32. Bd4 Kf7 33. Kf2 d5 34.
exd5 Rd6 35. Be3 Re5 36. Rc2 Rexd5 37. Rxd5 Rxd5 38. Bd4 Rb5 39. Re2 Rb1 40. g4
Rb2 41. Rxb2 Nxb2 42. Ke3 Ke6 1/2-1/2